The isobar model of the γN → ηNprocesses in the energy range from the threshold to 1200 MeV; Physics of Atomic Nuclei; Vol. 66, iss. 9
| Parent link: | Physics of Atomic Nuclei Vol. 66, iss. 9.— 2002.— [P. 427-429] |
|---|---|
| প্রধান লেখক: | |
| সংক্ষিপ্ত: | Title screen Режим доступа: по договору с организацией-держателем ресурса |
| ভাষা: | ইংরেজি |
| প্রকাশিত: |
2002
|
| বিষয়গুলি: | |
| অনলাইন ব্যবহার করুন: | http://link.springer.com/article/10.1134%2F1.1508698 |
| বিন্যাস: | MixedMaterials বৈদ্যুতিক গ্রন্থের অধ্যায় |
| KOHA link: | https://koha.lib.tpu.ru/cgi-bin/koha/opac-detail.pl?biblionumber=639367 |
MARC
| LEADER | 00000naa0a2200000 4500 | ||
|---|---|---|---|
| 001 | 639367 | ||
| 005 | 20250214133027.0 | ||
| 035 | |a (RuTPU)RU\TPU\network\3838 | ||
| 090 | |a 639367 | ||
| 100 | |a 20150305d2002 k||y0rusy50 ba | ||
| 101 | 0 | |a eng | |
| 102 | |a RU | ||
| 135 | |a drnn ---uucaa | ||
| 181 | 0 | |a i | |
| 182 | 0 | |a b | |
| 200 | 1 | |a The isobar model of the γN → ηNprocesses in the energy range from the threshold to 1200 MeV |f V. A. Tryasuchev | |
| 203 | |a Text |c electronic | ||
| 300 | |a Title screen | ||
| 320 | |a [References: p. 1677 (17 tit.)] | ||
| 333 | |a Режим доступа: по договору с организацией-держателем ресурса | ||
| 461 | |t Physics of Atomic Nuclei | ||
| 463 | |t Vol. 66, iss. 9 |v [P. 427-429] |d 2002 | ||
| 610 | 1 | |a электронный ресурс | |
| 610 | 1 | |a труды учёных ТПУ | |
| 700 | 1 | |a Tryasuchev |b V. A. |c physicist |c Professor of Tomsk Polytechnic University, doctor of physico-mathematical Sciences |f 1947- |g Vladimir Andreevich |3 (RuTPU)RU\TPU\pers\33804 | |
| 801 | 2 | |a RU |b 63413507 |c 20150305 |g RCR | |
| 856 | 4 | |u http://link.springer.com/article/10.1134%2F1.1508698 | |
| 942 | |c CF | ||